Normal view
MARC view
- Photoshop 6 Web Magic
Entry Topical Term
001 - CONTROL NUMBER
- control field: 125281
003 - CONTROL NUMBER IDENTIFIER
- control field: NUST
005 - DATE AND TIME OF LATEST TRANSACTION
- control field: 20240822103643.0
008 - FIXED-LENGTH DATA ELEMENTS
- fixed length control field: 240822|| aca||aabn | a|a d
040 ## - CATALOGING SOURCE
- Original cataloging agency: NUST
- Transcribing agency: NUST
150 ## - HEADING--TOPICAL TERM
- Topical term or geographic name entry element: Photoshop 6 Web Magic
670 ## - SOURCE DATA FOUND
- Source citation: Work cat.: (NUST): Jeff foster 125280, Photoshop 6 Web Magic, 2001.
